Trigonometría elemental
Publicado:
Barcelona :
Escuela Elemental del Trabajo de la Diputación Provincial de Barcelona. Sección Ediciones (E.E.T. Artes Gráficas) ,
1950
Descripción Física:
54 p. . il. ; 21 cm
Otros Autores:
Escola Elemental del Treball (Barcelona)
Materias:
Trigonometria
MARC
| LEADER | 00000nam a2200000Ia 4500 | ||
|---|---|---|---|
| 001 | 1981 | ||
| 008 | 160829s1950 xx 000 0 cat d | ||
| 080 | |a C-1-412 | ||
| 245 | |a Trigonometría elemental | ||
| 260 | |a Barcelona : |b Escuela Elemental del Trabajo de la Diputación Provincial de Barcelona. Sección Ediciones (E.E.T. Artes Gráficas), |c 1950 | ||
| 300 | |a 54 p. . il. ; |c 21 cm | ||
| 650 | |a Trigonometria |9 20010 | ||
| 700 | |a Escola Elemental del Treball (Barcelona) |9 55345 | ||
| 901 | |a Arxiu | ||
| 942 | |n 1 | ||
| 952 | |0 0 |1 0 |4 0 |6 C1412 |7 1 |9 47637 |a Arxiu |b Arxiu |d 2016-12-01 |l 0 |o C-1-412 |p 1981 |r 2016-12-01 00:00:00 |w 2016-12-01 |y ARXIU | ||
| 999 | |c 51436 |d 51436 | ||